Quizzes
Events
Quiz Creation
Community
Videos
Private Events
Remove Ads
Sign In
Join for FREE
Feedback
Dark Mode
Quiz Categories
Sports
Geography
Music
Movies
Television
Just For Fun
Miscellaneous
History
Literature
Language
Science
Gaming
Entertainment
Religion
Holiday
For Kids
Quiz Lab
Recent
Popular Today
Quiz Kudos Today
Editor Picks
Curator Picks
Quizzes by...
Day
Popularity
Type
Ratings
Length
Year
Community
Subscriptions
Recent Discussions
Orange Saloon
Badges
Playlists
Quests
Create
Leaderboards
Showdown
Live 5
Trivia Bingo
Activity
Puzzle Library
Sporcle Events
Private Events
Virtual Trivia
Globe League
Become a Host
Pub Owners
SporcleCon
Opinionation
Our Games
Videos
Blog
Mobile Apps
Partnerships
Remove Ads and Go Orange
Feedback
Television
TV Characters
TV Show
Sitcom
Network
Friends
Reality Shows
Cast
South Park
Star Trek
The Simpsons
Doctor Who
Television
TV Characters
TV Show
Sitcom
Network
Friends
Reality Shows
Cast
South Park
Star Trek
The Simpsons
Doctor Who
Random Quiz
Search Sporcle
×
Quiz Lab
Quiz Lab
Television
TV Characters
Type in answers that appear in a list
Type in answers that appear in a list
Classic
Best Score? Go Orange.
Profile: Barney Stinson Stats
Can you name the facts about How I Met Your Mother's Barney Stinson?
By
toriver
3m
20 Questions
2,990 Plays
2,990 Plays
2,990 Plays
Comments
Comments
Give Quiz Kudos
Give Quiz Kudos
-
- Ratings
hide this ad
Replay
Link that replays current quiz
Next Quiz
Link to next quiz in quiz playlist
You Got
0%
They Got
Avg Score
75%
Avg Friend Score
Upgrade to see
Score Distribution
Jump to the score distribution portion of the page
Score
0/20
Timer
03:00
0
Plays Today
Hint
Answer
% Correct
He always wears a..., even to bed
suit
97.2%
Barney is played by...
Neil Patrick Harris
96.1%
Barney will eventually marry this other main character
Robin Scherbatsky
92%
Barney loses this painful wager to Marshall
slap-bet
89.5%
Barney lives by this set of laws (he may have written himself)
Bro Code
88.2%
Barney has been with at least this many women
200
87.7%
His regular bar is...
MacLaren's Pub
84.1%
Barney also has a life-
size one of these
stormtrooper
83.7%
He works for this company, though his job there is a mystery...
Goliath National Bank
82.1%
Barney once believed this celebrity was his father
Bob Barker
82%
Hint
Answer
% Correct
He often describes himself as...
awesome
79.6%
Barney has an obsession with this shooting game
laser tag
76.1%
He has a black, gay brother named...
James
74.3%
Barney made a deal with Marshall to choose the middle name of Marshall and Lily's child. He chose the name...
wait-for-it
71.2%
One of Marshall's dates thought Barney's name was...
Swarley
64.6%
He has a giant one of these in his apartment
flatscreen TV
63.3%
He describes his favorite things as...
Legen... wait for it... dary!
62.5%
The name of Barney's real father is...
Jerry Whittaker
58.4%
In college, Barney was a...
hippie
57.2%
Barney's doppelganger's name is...
Dr. John Stangel
14.8%
Quiz Playlist
Details
Report
Send in Message
Add To Playlist
Classic:
Type in answers that appear in a list
Last Updated: Feb 16, 2017
Quiz Scoreboard
CHALLENGE
Sign Up to Join the Scoreboard
Show All
Scores
Hide
Comments
May contain spoilers
Recently Published
Presidents Visiting Landmarks
by Hejman
History
7m
An Introduction to Baseball
by treessimontrees
Sports
5m
Movies - When Are They Set?
by FPL_Elf
Movies
5m
More to Explore
Quiz From the Vault
Featured Blog Post
Where Did the Easter Bunny Come From?
hide this ad
You Might Also Like...
Tags
TV Characters Quiz
Barney
How I Met Your Mother
met
Mother
Neil Patrick Harris
profile
stinson
Today's Top Quizzes in Television
Browse Television
hide this ad
Today's Top Quizzes in TV Characters
Browse TV Characters
Top Contributed Quizzes in Television
1
5-to-1: The Simpsons Families
2
One Piece Logic Puzzle
3
5-to-1: Television Doctors
4
7-to-1: TV Show Settings
5
5-to-1: Streaming Originals
6
Survivor Logic Puzzle: Heroes vs. Villains
7
Survivor Seasons
8
Survivor Season by Logo
9
One Thing in Common: Television
10
Survivor Trivia
Explore More
Trending Topics
NBA
Disney
Kpop
Crossword
Anime
Marvel
Harry Potter
Country
Song
WWE
Pokémon
Puzzle
The Office
NFL
Soccer
hide this ad
More By:
toriver
Quiz
Plays
Rating
Category
Featured
Created
The Japan Quiz
104,921
4.51
Geography
Jun 28, 2010
Song of Ice and Fire: Houses by Sigil
3,356
4.14
Literature
Dec 19, 2011
Profile: Barney Stinson
2,990
3.89
Television
Nov 7, 2010
Sci-Fi Starships
2,339
4.06
Entertainment
Jun 5, 2011
Ace Attorney: Case Files
1,782
5.00
Gaming
Jan 30, 2011
Go to Creator's Profile
Score Distribution
Quiz Creator Spotlight
toriver
Follow
Send a Message
Quizzes Created
-
Created Quiz Play Count
-
More By This Creator
Popular Quizzes Today
1
Find the US States - No Outlines Minefield
2
Find the Countries of Europe - No Outlines Minefield
3
The Countries of the World
4
Find the US States
5
Popular People in 1961
6
US States
7
Risky Map Clicking: Biggest States A-Z
8
1-10 Letter E Words III
More Television Quizzes
Angel through the seasons
Quiz Lab
Trending Quizzes
Risky Map Clicking: Least Populous States A-Z
1-10 Letter G Words
1-10 Letter F Words
Risky Map Clicking: Next State Alphabetically
Risky Map Clicking: Biggest States A-Z
Recently Updated
Leaping Animals
pecheneg
Reality TV Shows (A-Z)
bhenderson79
Rickey Henderson's Hall of Fame Teammates
pecheneg
Champions League XIs: Arsenal
pecheneg
Quick Pick: Celebrities in WWE's Hall of Fame
aduchscher
A-Z Keypad Blitz II
pecheneg
Multiple Oscar Actors
pecheneg
Mystery Phrase Blitz: Oscar 'Best Actors'
pecheneg
F. Scott Fitzgerald Novels
LTH
Pick 3 Villains
ddd62291
Trending Topics
Marvel
Kpop
Crossword
Harry Potter
Anime
Disney
NBA
The Office
Soccer
Pokémon
Country
NFL
Song
WWE
Puzzle
Your Account Isn't Verified!
In order to create a playlist on Sporcle, you need to verify the email address you used during registration. Go to your
Sporcle Settings
to finish the process.
Report this User
Report this user for behavior that violates our
Community Guidelines
.
Details:
Send Report
Go to the Sporcle.com Mobile Site →
Comments